Reiseziele bei Achtung Abzocke! - Statistiken

Allgemein
  • Dieses Quiz wurde 77 mal gespielt
  • Das Durchschnittsergebnis liegt bei 28 aus 36
Antworten auf der Karte
Die Antworten werden auf der Karte rot bzw. grün angezeigt, abhängig davon wie oft sie richtig erraten wurden.
 
Antwortstatistiken
Sehenswürdigkeiten Land % Korrekt
Zuckerhut, Sambódromo, Favelas, Theatro Municipal Brasilien
100%
Montmartre Frankreich
98%
Hollywood Boulevard, Everglades, Freiheitsstatue Vereinigte Staaten
98%
Taj Mahal Indien
96%
Kolosseum, Markusplatz, Schiefer Turm Italien
96%
Playa del Carmen, Tikal Mexiko
96%
Torre de Belém Portugal
96%
Ballermann, Sagrada Familia, Maspalomas, Teide Spanien
96%
Buddha Beach, Wat Phra Kaeo, Großer Palast Thailand
96%
Cheops-Pyramide, Hängende Kirche, Luxor-Tempel Ägypten
95%
Akropolis, Knossos, Akrotiri, Embros-Therme Griechenland
95%
Schloss Belvedere Österreich
95%
Tafelberg Südafrika
95%
Big Ben Vereinigtes Königreich
91%
Hauptmarkt Polen
89%
Wenzelsplatz Tschechien
89%
Goldstrand Bulgarien
88%
Tian Tan Buddha China
88%
Avenida de Mayo Argentinien
86%
Korallenriffe um Nusa Penida Indonesien
84%
Magere Brug, Munttoren Niederlande
84%
Sultan-Ahmed-Moschee, Hadrianstor, Ephesos Türkei
82%
Naturpark Kopački rit, Festung Lovrijenac Kroatien
80%
Halong-Bucht Vietnam
79%
La Habana Vieja Kuba
75%
Petronas Towers Malaysia
73%
Burgpalast, Große Markthalle Ungarn
64%
Angkor Wat Kambodscha
57%
Miraflores-Schleusen Panama
54%
Petersdom Vatikanstadt
54%
Cayo Levantado Dominikanische Republik
52%
Großmeisterpalast, Blaue Grotte Malta
50%
Nationalpark Corcovado Costa Rica
48%
Haus des Kornessios, Kap Greco Zypern
45%
Pinnawala Elephant Orphanage Sri Lanka
43%
Le Morne Brabant Mauritius
23%
Keine übereinstimmenden Quizze gefunden
Verteilung der Resultate
Anzahl Personen mit jedem Resultat
Perzentil nach korrekt beantworteten Fragen
Ihre Resultats-Entwicklung
Sie haben dieses Quiz noch nicht gespielt